Dôchodkové pripoistenie a uplatnenie dane z príjmov

Bibliographic Details
Main Author: Piršelová, Dagmar (Author)
Format: Article
Language:Slovak
ISSN:0862-9567
Subjects:

MARC

LEADER 00000nab a2200000 a 4500
001 vtls000588827
003 SK-MaSNL
005 20260303011243.0
008 140228c1996 xo 0 slo
015 |a SNBRB19rr/mm-uuuuu 
035 |a CL0588966 
040 |a SNKBUCL  |b slo  |c SNKBUCL  |e AACR2 
041 0 |a slo 
044 |a xo  |c SK 
080 |a 368.43.025.55:368.372.025.55:340.132  |2 1981 
080 |a 368.372.025.55  |2 1981 
080 |a 340.132  |2 1981 
100 1 |a Piršelová, Dagmar  |4 aut  |9 194806 
245 1 0 |a Dôchodkové pripoistenie a uplatnenie dane z príjmov  |c Dagmar Piršelová 
650 0 7 |a poistenie dôchodkové doplnkové  |2 snkbucl  |9 839504 
655 7 |a články z novín a časopisov  |2 snkbucl  |9 267496 
773 0 |t Hospodárske noviny  |g Roč. 4, č. 82 (26. 4. 1996), s. 17  |x 0862-9567 
850 |a Slovenská národná knižnica v Martine  |a MTA001 
852 |a SNK  |b KIS3GCP 
958 |a RK 
992 |a RBX 
999 |c 1591213  |d 1593143